Ako využiť možnosti marketingu vyhľadávacích služieb

Význam marketingu vyhľadávacích služieb MVS). Úlohou je zabezpečiť zvýšenie návštevnosti konkrétnej vebovej stránky využitím internetových vyhľadávačov. MVS poskytuje na Slovensku jedna firma e-Target.

Salvato in:
Dettagli Bibliografici
Autore principale: Miklošík, Andrej
Natura: Capitolo di libro
Lingua:slovacco
Soggetti:
Tags: Aggiungi Tag
Nessun Tag, puoi essere il primo ad aggiungerne!!

MARC

LEADER 00000naa$a2200000$$$4500
001 0075789
005 20231009081308.1
041 0 |a slo 
044 |a SK 
245 1 0 |a Ako využiť možnosti marketingu vyhľadávacích služieb  |c Andrej Miklošík 
520 |a Význam marketingu vyhľadávacích služieb MVS). Úlohou je zabezpečiť zvýšenie návštevnosti konkrétnej vebovej stránky využitím internetových vyhľadávačov. MVS poskytuje na Slovensku jedna firma e-Target. 
610 2 0 |a marketing 
610 2 0 |a služby 
610 2 0 |a služby informačné 
610 2 0 |a internet 
610 2 0 |a firmy 
100 1 |a Miklošík, Andrej